| 000 | 00589nam a2200193Ia 4500 | ||
|---|---|---|---|
| 999 |
_c6308 _d6308 |
||
| 008 | 200103s 2017 ||||xx |||||||||||||| ||und|| | ||
| 020 | _a9788131794746 | ||
| 082 |
_a621.395 _bMAN |
||
| 100 | _aMano, M. Morris | ||
| 245 | 0 | _aDigital design : with an introduction to the Verilog HDL | |
| 250 | _a10th | ||
| 260 |
_bPearson Education _c2017 _aNew Delhi |
||
| 300 | _axv, 678p. | ||
| 650 | _aDigital Systems and Binary Numbers | ||
| 650 | _aBoolean Algebra and Logic Gates | ||
| 650 | _aDigital Integrated Circuits | ||
| 700 |
_aCiletti, Michael D. _eCo-author |
||
| 942 | _cBK | ||